[Event "Guimaraes Open 2018"]
[Site "Guimaraes"]
[Date "2018.10.06"]
[Round "4"]
[White "Fidalgo, Daniel Neves"]
[Black "Monteiro, Paulo Alexandre Gom"]
[Result "1/2-1/2"]
[WhiteElo "1994"]
[BlackElo "1602"]
[Annotator "NA RC"]
[PlyCount "149"]
[EventDate "2018.10.04"]
[EventType "swiss"]
[EventCountry "POR"]
[SourceTitle "playchess.com"]
[Source "ChessBase"]
[SourceQuality "1"]
[TimeControl "5400+30"]

1. c4 {[%emt 0:00:00]} Nf6 {[%emt 0:00:00]} 2. Nc3 {[%emt 0:00:00]} c5 {[%emt 0:00:02]} 3. g3 {[%emt 0:00:10]} g6 {[%emt 0:00:17]} 4. Bg2 {[%emt 0:00:10]} Bg7 {[%emt 0:00:21]} 5. e4 {[%emt 0:00:22]} Nc6 {[%emt 0:00:31]} 6. Nge2 {[%emt 0:00:16]} O-O {[%emt 0:00:39]} 7. O-O {[%emt 0:00:20]} d6 {[%emt 0:00:25]} 8. d3 {[%emt 0:00:30]} a6 {[%emt 0:00:56]} 9. Bd2 {[%emt 0:04:46]} Rb8 {[%emt 0:03:07]} 10. Rc1 {[%emt 0:00:56]} b5 {[%emt 0:05:59]} 11. b3 {[%emt 0:00:27]} b4 {[%emt 0:16:46]} 12. Nb1 {[%emt 0:07:10]} Ne8 {[%emt 0:07:44]} 13. h3 {[%emt 0:06:59]} Nc7 {[%emt 0:04:03]} 14. f4 {[%emt 0:02:14]} Ne6 {[%emt 0:10:21]} 15. g4 {[%emt 0:15:27]} Ned4 {[%emt 0:04:03]} 16. Ng3 {[%emt 0:05:19]} a5 {[%emt 0:06:24]} 17. Be3 {[%emt 0:02:00]} a4 {[%emt 0:02:25]} 18. Nd2 {[%emt 0:00:15]} axb3 {[%emt 0:01:26]} 19. axb3 {[%emt 0:00:08]} Ra8 {[%emt 0:01:44]} 20. Ne2 {[%emt 0:05:38]} Nxe2+ {[%emt 0:04:41]} 21. Qxe2 {[%emt 0:00:55]} Nd4 {[%emt 0:00:12]} 22. Qd1 {[%emt 0:00:18]} Ra2 {[%emt 0:02:42]} 23. Nf3 {[%emt 0:03:04]} Ne2+ {[%emt 0:01:58]} 24. Kh1 {[%emt 0:03:08]} Nc3 {[%emt 0:01:16]} 25. Rxc3 {[%emt 0:02:29]} bxc3 {[%emt 0:00:15]} 26. d4 {[%emt 0:02:25]} c2 {[%emt 0:04:58]} 27. Qd3 {[%emt 0:01:29]} Bb7 {[%emt 0:04:32]} 28. Rc1 {[%emt 0:01:16]} Qa8 {[%emt 0:01:44]} 29. d5 {[%emt 0:02:10]} Qa3 {[%emt 0:02:46]} 30. Rxc2 {[%emt 0:02:08]} Rxc2 {[%emt 0:00:50]} 31. Qxc2 {[%emt 0:00:01]} Qa1+ {[%emt 0:00:15]} 32. Kh2 {[%emt 0:00:15]} Qc3 {[%emt 0:00:09]} 33. Qe2 {[%emt 0:06:26]} Qxb3 {[%emt 0:00:45]} 34. e5 {[%emt 0:02:18]} Ra8 {[%emt 0:02:10]} 35. f5 {[%emt 0:02:29]} Ra2 {[%emt 0:00:48]} 36. Bd2 {[%emt 0:00:51]} dxe5 {[%emt 0:00:59]} 37. Ng5 {[%emt 0:02:38]} Qc2 {[%emt 0:04:21]} 38. Ne4 {[%emt 0:01:56]} Ba6 {[%emt 0:01:01]} 39. f6 {[%emt 0:02:16]} Bf8 {[%emt 0:02:14]} 40. Qe3 {[%emt 0:04:11]} Qxc4 {[%emt 0:00:44]} 41. fxe7 {[%emt 0:00:46]} Bxe7 {[%emt 0:00:06]} 42. Qh6 {[%emt 0:00:32]} Rxd2 {[%emt 0:00:59]} 43. Qxd2 {[%emt 0:00:55]} Qe2 {[%emt 0:01:19]} 44. Qxe2 {[%emt 0:02:04]} Bxe2 {[%emt 0:00:02]} 45. d6 {[%emt 0:00:11]} Bd8 {[%emt 0:00:15]} 46. Nxc5 {[%emt 0:00:06]} Bb5 {[%emt 0:01:08]} 47. Bd5 {[%emt 0:04:03]} Kf8 {[%emt 0:00:45]} 48. Kg3 {[%emt 0:01:33]} Ke8 {[%emt 0:00:52]} 49. Kf3 {[%emt 0:00:50]} Bb6 {[%emt 0:01:26]} 50. Ne4 {[%emt 0:00:43]} Bd8 {[%emt 0:00:08]} 51. Nc3 {[%emt 0:00:46]} Bd7 {[%emt 0:00:35]} 52. Ke4 {[%emt 0:00:14]} Bf6 {[%emt 0:00:28]} 53. Na2 {[%emt 0:01:16]} Bg7 {[%emt 0:00:34]} 54. g5 {[%emt 0:02:47]} Bf5+ {[%emt 0:00:10]} 55. Ke3 {[%emt 0:00:28]} Bf8 {[%emt 0:00:27]} 56. Nc3 {[%emt 0:01:20]} Bxd6 {[%emt 0:00:29]} 57. Ne4 {[%emt 0:00:09]} Be7 {[%emt 0:00:53]} 58. h4 {[%emt 0:00:15]} Be6 {[%emt 0:00:24]} 59. Bc6+ {[%emt 0:02:30]} Bd7 {[%emt 0:00:02]} 60. Bd5 {[%emt 0:00:08]} Kf8 {[%emt 0:00:38]} 61. Nf6 {[%emt 0:00:37]} Bxf6 {[%emt 0:00:34]} 62. gxf6 {[%emt 0:00:07]} Be6 {[%emt 0:00:22]} 63. Bc6 {[%emt 0:01:04]} Bf5 {[%emt 0:00:08]} 64. Ba4 {[%emt 0:00:16]} h6 {[%emt 0:00:23]} 65. Kf3 {[%emt 0:01:10]} g5 {[%emt 0:00:53]} 66. hxg5 {[%emt 0:00:46]} hxg5 {[%emt 0:00:06]} 67. Bc6 {[%emt 0:00:10]} Kg8 {[%emt 0:00:33]} 68. Be8 {[%emt 0:00:09]} e4+ {[%emt 0:00:41]} 69. Kg3 {[%emt 0:00:06]} Be6 {[%emt 0:00:20]} 70. Bc6 {[%emt 0:00:08]} Bf5 {[%emt 0:00:37]} 71. Be8 {[%emt 0:00:05]} Kf8 {[%emt 0:01:44]} 72. Bc6 {[%emt 0:00:09]} Kg8 {[%emt 0:00:47]} 73. Be8 {[%emt 0:00:06]} Bg6 {[%emt 0:00:26]} 74. Kg4 {[%emt 0:00:20]} e3 {[%emt 0:00:32]} 75. Bb5 {[%emt 0:00:32]} 1/2-1/2

[Event "Guimaraes Open 2018"]
[Site "Guimaraes"]
[Date "2018.10.06"]
[Round "4"]
[White "Barbosa, Paulo Jorge Pereira"]
[Black "Lemos, Artur Jorge Capela "]
[Result "1-0"]
[WhiteElo "1982"]
[BlackElo "1598"]
[Annotator "NA RC"]
[PlyCount "45"]
[EventDate "2018.10.04"]
[EventType "swiss"]
[EventCountry "POR"]
[SourceTitle "playchess.com"]
[Source "ChessBase"]
[SourceQuality "1"]
[TimeControl "5400+30"]

1. c4 {[%emt 0:00:00]} Nf6 {[%emt 0:00:00]} 2. g3 {[%emt 0:00:00]} g6 {[%emt 0:00:00]} 3. Bg2 {[%emt 0:00:00]} Bg7 {[%emt 0:00:00]} 4. Nc3 {[%emt 0:00:00]} O-O {[%emt 0:00:06]} 5. e4 {[%emt 0:00:20]} d6 {[%emt 0:00:23]} 6. Nge2 {[%emt 0:00:09]} e5 {[%emt 0:00:45]} 7. O-O {[%emt 0:00:07]} Be6 {[%emt 0:02:18]} 8. d3 {[%emt 0:00:05]} Nbd7 {[%emt 0:01:47]} 9. b4 {[%emt 0:01:11]} c6 {[%emt 0:02:23]} 10. Rb1 {[%emt 0:06:13]} h6 {[%emt 0:04:21]} 11. b5 {[%emt 0:03:19]} cxb5 {[%emt 0:11:42]} 12. Rxb5 {[%emt 0:01:54]} b6 {[%emt 0:02:09]} 13. f4 Nc5 {[%emt 0:00:32]} 14. Rb1 {[%emt 0:04:58]} Qd7 {[%emt 0:02:29]} 15. fxe5 {[%emt 0:02:15]} dxe5 {[%emt 0:00:33]} 16. Nd5 {[%emt 0:00:15]} Nxd5 {[%emt 0:06:29]} 17. exd5 {[%emt 0:00:22]} Bh3 {[%emt 0:00:09]} 18. Be3 {[%emt 0:02:15]} Bxg2 {[%emt 0:06:15]} 19. Kxg2 {[%emt 0:00:05]} Nb7 {[%emt 0:00:12]} 20. Nc3 {[%emt 0:04:02]} Nd6 {[%emt 0:01:12]} 21. Qa4 {[%emt 0:04:12]} Qxa4 {[%emt 0:17:03]} 22. Nxa4 {[%emt 0:00:05]} e4 {[%emt 0:00:14]} 23. Bf4 {[%emt 0:01:33]} 1-0

[Event "Guimaraes Open 2018"]
[Site "Guimaraes"]
[Date "2018.10.06"]
[Round "4"]
[White "Bazan Solera, Manuel"]
[Black "Oliveira, Maria Alice Ramos M"]
[Result "1/2-1/2"]
[WhiteElo "1932"]
[BlackElo "1572"]
[Annotator "NA RC"]
[PlyCount "42"]
[EventDate "2018.10.04"]
[EventType "swiss"]
[EventCountry "POR"]
[SourceTitle "playchess.com"]
[Source "ChessBase"]
[SourceQuality "1"]
[TimeControl "5400+30"]

1. Nf3 {[%emt 0:00:00]} Nf6 {[%emt 0:00:00]} 2. g3 {[%emt 0:00:00]} e6 {[%emt 0:00:17]} 3. Bg2 {[%emt 0:00:00]} d5 {[%emt 0:00:49]} 4. d4 {[%emt 0:01:32]} Be7 {[%emt 0:00:20]} 5. O-O {[%emt 0:02:18]} O-O {[%emt 0:00:06]} 6. b3 {[%emt 0:01:21]} b6 {[%emt 0:04:41]} 7. c4 {[%emt 0:06:35]} Bb7 {[%emt 0:02:42]} 8. Nc3 {[%emt 0:03:00]} Nbd7 {[%emt 0:17:50]} 9. Bb2 {[%emt 0:06:02]} c5 {[%emt 0:06:39]} 10. cxd5 {[%emt 0:08:55]} Nxd5 {[%emt 0:02:40]} 11. Nxd5 {[%emt 0:00:22]} Bxd5 {[%emt 0:01:10]} 12. dxc5 {[%emt 0:10:01]} Nxc5 {[%emt 0:06:51]} 13. Rc1 {[%emt 0:02:02]} Bf6 {[%emt 0:07:16]} 14. Bxf6 {[%emt 0:05:38]} Qxf6 {[%emt 0:00:32]} 15. Qd4 {[%emt 0:00:29]} Qe7 {[%emt 0:15:27]} 16. b4 {[%emt 0:09:05]} Ne4 {[%emt 0:01:37]} 17. Ne5 {[%emt 0:01:24]} Nf6 {[%emt 0:11:44]} 18. Bxd5 {[%emt 0:14:23]} Nxd5 {[%emt 0:02:42]} 19. Nc6 {[%emt 0:00:11]} Qg5 {[%emt 0:02:00]} 20. h4 {[%emt 0:03:12]} Qh5 {[%emt 0:02:16]} 21. e4 {[%emt 0:02:36]} Nf4 {[%emt 0:02:42]} 1/2-1/2

[Event "Guimaraes Open 2018"]
[Site "Guimaraes"]
[Date "2018.10.06"]
[Round "4"]
[White "Pipiras, Filipa Fortuna"]
[Black "Palhas, Miguel Branco"]
[Result "1-0"]
[WhiteElo "1803"]
[BlackElo "1369"]
[Annotator "NA RC"]
[PlyCount "33"]
[EventDate "2018.10.04"]
[EventType "swiss"]
[EventCountry "POR"]
[SourceTitle "playchess.com"]
[Source "ChessBase"]
[SourceQuality "1"]
[TimeControl "5400+30"]

1. d4 {[%emt 0:00:00]} d5 {[%emt 0:00:00]} 2. c4 {[%emt 0:00:07]} c6 {[%emt 0:00:00]} 3. cxd5 {[%emt 0:00:36]} cxd5 {[%emt 0:00:04]} 4. Nc3 {[%emt 0:00:12]} Nf6 {[%emt 0:00:48]} 5. Nf3 {[%emt 0:00:17]} e6 {[%emt 0:01:50]} 6. Bf4 {[%emt 0:00:31]} Bb4 {[%emt 0:01:46]} 7. e3 {[%emt 0:01:12]} O-O {[%emt 0:05:27]} 8. Bd3 {[%emt 0:02:30]} Qa5 {[%emt 0:05:21]} 9. Qb3 {[%emt 0:04:09]} Nbd7 {[%emt 0:04:46]} 10. O-O {[%emt 0:01:59]} Bxc3 {[%emt 0:10:07]} 11. bxc3 {[%emt 0:00:54]} Nb6 {[%emt 0:01:28]} 12. Bd6 {[%emt 0:07:50]} Re8 {[%emt 0:01:35]} 13. a4 {[%emt 0:03:01]} Nc4 {[%emt 0:02:26]} 14. Bxc4 {[%emt 0:02:09]} dxc4 {[%emt 0:00:03]} 15. Qxc4 {[%emt 0:00:17]} Bd7 {[%emt 0:04:17]} 16. Bb4 {[%emt 0:03:58]} Rac8 {[%emt 0:08:13]} 17. Qxc8 {[%emt 0:01:28]} 1-0

[Event "Guimaraes Open 2018"]
[Site "Guimaraes"]
[Date "2018.10.06"]
[Round "4"]
[White "Gawle, Ireneusz"]
[Black "Chueca Forcen, Alberto"]
[Result "0-1"]
[WhiteElo "1800"]
[BlackElo "2278"]
[Annotator "TA"]
[PlyCount "72"]
[EventDate "2018.10.04"]
[EventType "swiss"]
[EventCountry "POR"]
[SourceTitle "playchess.com"]
[Source "ChessBase"]
[SourceQuality "1"]

{[%evp 20,72,0,-33,-37,-43,-41,-47,-33,-51,-34,-32,-29,-45,-34,-68,-56,-54,-60,-60,-54,-122,-68,-76,-61,-126,-130,-126,-123,-175,-163,-248,-247,-237,-243,-240,-235,-335,-312,-297,-233,-363,-359,-324,-273,-258,-252,-1467,-1235,-29972,-29973,-29971,-29971,-5289,-5073]} 1. e4 e5 2. Nf3 Nc6 3. Bc4 Bc5 4. c3 Nf6 5. d4 exd4 6. cxd4 Bb4+ 7. Bd2 Bxd2+ 8. Nbxd2 d5 9. exd5 Nxd5 10. O-O O-O 11. Qb3 Na5 {C54: Giuoco Piano: 4 c3 Nf6, main lines with 5 d4 and 5 d3} 12. Qc2 Nxc4 13. Nxc4 c6 $146 {Black is slightly better.} ({Predecessor:} 13... Qf6 14. Qe4 c6 15. Ne3 Be6 16. Rfe1 Rad8 17. Qe5 Qxe5 18. dxe5 Nxe3 19. Rxe3 {0-1 (39) Pesztericz,L (2295)-Szakall,T (2224) Budapest 2005}) 14. a4 a5 15. Rfe1 Be6 16. Ne3 h6 17. Rad1 Qb6 18. Ne5 Nxe3 19. Rxe3 Rfd8 20. Nc4 {[#]} (20. Nf3 $15) 20... Qb4 (20... Bxc4 $1 $17 21. Qxc4 Qxb2) 21. b3 $15 Rd5 22. Qb2 ({Better is} 22. h3 $15) 22... Rad8 23. h3 c5 {[%cal Rd5d4]} 24. Red3 (24. Qe2 $17) 24... R5d7 $19 25. d5 (25. Rc1 $142) 25... Rxd5 26. Rxd5 Rxd5 27. Rxd5 Bxd5 28. Qc2 {[#]} (28. Qe5 {is a better defense.} Be6 29. Qc7) 28... b5 $1 {[%cal Rb5c4]} ({Weaker is} 28... Qe1+ 29. Kh2 $17) 29. axb5 Qxb5 {aiming for ...a4!} 30. Qd3 (30. Nd2 {was the only chance.}) 30... Bxc4 $1 31. bxc4 {[%mdl 4096] Endgame KQ-KQ} Qe8 32. Kf1 a4 {[%cal Ba5a4,Ba4a3,Ba3a2][%mdl 32]} 33. Qd6 $2 (33. Qa3) 33... Qa8 34. Qxc5 a3 35. Qe5 a2 36. Qa1 Qa4 {Precision: White = 26%, Black = 82%.} 0-1

[Event "Guimaraes Open 2018"]
[Site "Guimaraes"]
[Date "2018.10.06"]
[Round "4"]
[White "Lopez Rodriguez, Eduardo"]
[Black "Paasikangas-Tella, Johanna"]
[Result "0-1"]
[WhiteElo "1800"]
[BlackElo "2220"]
[Annotator "TA"]
[PlyCount "66"]
[EventDate "2018.10.04"]
[EventType "swiss"]
[EventCountry "POR"]
[SourceTitle "playchess.com"]
[Source "ChessBase"]
[SourceQuality "1"]

{[%evp 9,66,-17,-14,-49,-14,-26,-8,-12,0,-21,-20,-22,-5,-21,0,-10,0,-44,0,0,0,0,0,0,-3,-52,2,-52,-56,-61,-80,-152,-156,-156,-137,-174,-165,-237,-212,-250,-244,-289,-280,-274,-233,-268,-240,-359,-250,-777,-772,-774,-768,-766,-766,-765,-739,-739,-732]} 1. e4 c5 2. b4 cxb4 3. a3 bxa3 4. Bxa3 (4. Nf3 g6 5. Bc4 Bg7 6. Rxa3 Nc6 7. O-O d6 8. d4 Nf6 9. Qe2 Bg4 10. Bb2 O-O 11. Nbd2 d5 12. exd5 Nxd5 {0-1 (38) Hug,W (2453)-Anand,V (2788) Zuerich 2009}) 4... Nc6 5. d4 d5 6. e5 {B20: Sicilian: Unusual White 2nd moves} g6 7. c3 Bg7 $146 ({Predecessor:} 7... Nh6 8. Bd3 Bg7 9. h4 Qd7 10. Nh3 O-O 11. h5 Re8 {1-0 (39) Torum,A-Olsen,A (2086) Norway 2002}) 8. Nf3 {The position is equal.} Nh6 9. Bd3 O-O 10. O-O f6 11. exf6 Bxf6 12. Nbd2 Re8 13. Qc2 e5 14. dxe5 Nxe5 15. Nxe5 Bxe5 16. Nf3 Bg7 17. Nd4 Ng4 (17... Bxd4 $15 18. cxd4 Bf5) 18. h3 ({White should play} 18. Qb3 $11) 18... Ne5 $15 19. Bb5 Bd7 20. Bxd7 (20. Be2 $142) 20... Qxd7 $17 21. Rfd1 Nc4 22. Bc1 a5 23. Qb3 (23. Ra2 {was worth a try.}) 23... Bxd4 $19 24. cxd4 b5 {[%cal Bb7b5,Bb5b4][%mdl 32]} 25. Bf4 b4 26. Re1 Qb5 27. Rxe8+ Rxe8 ({Much less strong is} 27... Qxe8 28. Bh6 $19) 28. Be3 (28. h4 {was called for.}) 28... Ra8 {[#] Hoping for ...a4.} 29. Rb1 $2 (29. Bh6) 29... a4 {[%cal Ba5a4,Ba4a3,Ba3a2][%mdl 32] Black is clearly winning.} 30. Qxb4 Qxb4 31. Rxb4 a3 {White must now prevent ...a2.} 32. Rb1 a2 33. Ra1 Ra4 {Precision: White = 24%, Black = 39%.} 0-1

[Event "Guimaraes Open 2018"]
[Site "Guimaraes"]
[Date "2018.10.06"]
[Round "4"]
[White "Cordeiro, Joao Carlos Santos "]
[Black "Costa, Paulo Jorge Lopes d"]
[Result "1/2-1/2"]
[WhiteElo "1764"]
[BlackElo "2191"]
[Annotator "TA"]
[PlyCount "114"]
[EventDate "2018.10.04"]
[EventType "swiss"]
[EventCountry "POR"]
[SourceTitle "playchess.com"]
[Source "ChessBase"]
[SourceQuality "1"]

{[%evp 27,114,-28,-25,-28,-22,-28,-18,-21,0,-28,0,-41,0,-21,0,0,0,-21,0,0,-7,-57,0,-1,-21,-25,0,0,0,0,0,0,20,29,39,-52,-52,-52,-33,-52,-52,-52,-52,-53,0,0,0,0,0,0,0,0,0,0,0,0,0,0,0,0,0,0,125,136,150,120,106,12,23,12,89,75,406,414,397,197,198,192,306,280,277,265,202,89,118,0,0,-113,0]} 1. e4 {Marcinkiewicz} c5 2. c4 Nc6 3. Nc3 g6 4. g3 Bg7 5. Bg2 e6 6. Nge2 d6 7. O-O Nge7 8. d3 O-O 9. Be3 Nd4 10. Qd2 a6 11. Bh6 Rb8 12. Bxg7 Kxg7 13. Nxd4 cxd4 14. Ne2 {A36: Symmetrical English vs ...g6: 4 Bg2 Bg7} e5 {LiveBook: 3 Games} 15. f4 f6 (15... f5 16. Rae1 Be6 17. b3 Qd7 18. Kh1 b5 19. c5 dxc5 20. fxe5 fxe4 21. Bxe4 Nf5 {1-0 (40) Zwettler,M (2206)-Poetz,F (2427) Feistritz an der Drau 2014}) 16. a4 {The position is equal.} a5 17. h3 $146 ({Predecessor:} 17. b4 axb4 18. Qxb4 Qc7 19. Rab1 Ra8 20. Rb2 Nc6 21. Qa3 Nd8 {0-1 (46) Lutovinov,A-Marcinkiewicz,J ICCF corr 1985 Corr Nr. 1 [Marcinkiewicz]}) 17... Nc6 {[%cal Be7c6,Bc6b4,Bb4a6,Ba6c5][%mdl 32]} 18. Rf2 b6 19. b3 Rb7 20. Raf1 Rbf7 21. g4 Nb4 22. f5 Na6 23. Kh2 Nc5 24. Nc1 g5 (24... gxf5 $15 25. exf5 Kh8) 25. Bf3 $11 Rh8 26. Kg3 Rff8 27. Rh1 Bd7 28. Rfh2 h6 29. Kg2 Qc7 30. h4 Be8 31. h5 (31. Kf1 $14) 31... Na6 32. Re1 {[%cal Bh1e1,Be1e2,Be2b2][%mdl 32]} Qc5 33. Re2 Bd7 34. Rh1 Rc8 35. Na2 Qa3 ({Black should play} 35... Qc7 $15) 36. Qb2 Qxb2 37. Rxb2 Nc5 38. Be2 Kf7 {[%cal Bg7f7,Bf7e7,Be7d7,Bd7c7][%mdl 32]} 39. Kf2 {[%cal Bg2f2,Bf2e1,Be1d2,Bd2d1][%mdl 32]} Ke7 40. Ke1 Bc6 41. Kd2 Kd7 42. Rf1 Kc7 43. Rg1 Rhe8 (43... Kd8 {is interesting.} 44. Bd1 Ke7 45. b4 axb4 46. Nxb4 Bb7) 44. Rf1 Bxe4 (44... Bd7 $11 {keeps the balance.}) 45. dxe4 $16 Nxe4+ 46. Kd1 Nc5 47. Nc1 (47. b4 $16 Nxa4 48. Rb1) 47... e4 $11 48. Re1 {[#]} Re5 (48... d5 $1 $11 {[%mdl 512] remains equal.}) 49. Bf1 $16 Kc6 $2 {[%mdl 8192]} (49... Rce8 $16 {is more resistant.}) 50. Ne2 $18 d3 51. Nd4+ (51. Nc3 $142) 51... Kd7 52. Re3 $1 d5 (52... Nxb3 {might work better.} 53. Nxb3 (53. Rxb3 Rxc4 54. Nb5 Rxa4 $16) 53... Rxc4) 53. cxd5 Rxd5 {[#]} 54. Ne6 $1 Kd6 (54... Nxe6 55. fxe6+) 55. Nxc5 (55. Bg2 $18 {and White stays clearly on top.}) 55... Rdxc5 $16 {[#]} 56. Bxd3 ({Don't do} 56. Rxe4 Rc1+ 57. Kd2 Rxf1 $14) (56. Rb1 $1 $16 Kd5 57. Bg2) 56... exd3 $11 57. Rxd3+ {[#]} (57. Re6+ $11 Kd5 58. Kd2) 57... Rd5 {Precision: White = 59%, Black = 42%.} ({Better is} 57... Ke5 $1 $17 58. Rbd2 Kf4 59. Rd4+ Kg3) 1/2-1/2

[Event "Guimaraes Open 2018"]
[Site "Guimaraes"]
[Date "2018.10.06"]
[Round "4"]
[White "Silva, Tiago Alexandre Pin"]
[Black "Pinto, Andre Jorge Pimpare"]
[Result "1/2-1/2"]
[WhiteElo "1753"]
[BlackElo "1309"]
[Annotator "NA RC"]
[PlyCount "87"]
[EventDate "2018.10.04"]
[EventType "swiss"]
[EventCountry "POR"]
[SourceTitle "playchess.com"]
[Source "ChessBase"]
[SourceQuality "1"]
[TimeControl "5400+30"]

1. c4 {[%emt 0:00:00]} c6 {[%emt 0:02:04]} 2. g3 {[%emt 0:00:03]} d5 {[%emt 0:00:44]} 3. Bg2 {[%emt 0:00:49]} dxc4 {[%emt 0:06:56]} 4. Qc2 {[%emt 0:03:04]} Be6 {[%emt 0:03:09]} 5. a4 {[%emt 0:01:41]} Nf6 {[%emt 0:01:32]} 6. Na3 {[%emt 0:01:20]} Nbd7 {[%emt 0:04:57]} 7. Nf3 {[%emt 0:03:40]} Bd5 {[%emt 0:02:05]} 8. Nxc4 {[%emt 0:00:52]} e6 {[%emt 0:04:15]} 9. O-O {[%emt 0:02:25]} Be7 {[%emt 0:04:08]} 10. d3 {[%emt 0:03:31]} Bxf3 {[%emt 0:06:39]} 11. Bxf3 {[%emt 0:00:24]} Nb6 {[%emt 0:00:59]} 12. Nxb6 {[%emt 0:01:50]} Qxb6 {[%emt 0:00:16]} 13. Be3 {[%emt 0:01:04]} Qc7 {[%emt 0:01:33]} 14. a5 {[%emt 0:05:59]} a6 {[%emt 0:04:18]} 15. Bb6 {[%emt 0:05:20]} Qd7 {[%emt 0:00:11]} 16. Qc3 {[%emt 0:04:11]} O-O {[%emt 0:00:52]} 17. Ra4 {[%emt 0:04:01]} Nd5 {[%emt 0:02:04]} 18. Bxd5 {[%emt 0:02:18]} cxd5 {[%emt 0:00:08]} 19. Raa1 {[%emt 0:02:04]} Bf6 {[%emt 0:01:38]} 20. Bd4 {[%emt 0:04:21]} Rfc8 {[%emt 0:00:36]} 21. Qb4 {[%emt 0:00:41]} Bxd4 {[%emt 0:00:47]} 22. Qxd4 {[%emt 0:00:16]} Rc2 {[%emt 0:00:37]} 23. Rfc1 {[%emt 0:01:07]} Rac8 {[%emt 0:02:02]} 24. Rxc2 {[%emt 0:00:54]} Rxc2 {[%emt 0:00:06]} 25. Qf4 {[%emt 0:02:43]} Qc7 {[%emt 0:06:30]} 26. Qxc7 {[%emt 0:00:47]} Rxc7 {[%emt 0:00:05]} 27. Ra3 {[%emt 0:03:44]} Kf8 {[%emt 0:01:19]} 28. Kg2 {[%emt 0:01:03]} Rc2 {[%emt 0:01:36]} 29. Rb3 {[%emt 0:00:12]} Rc7 {[%emt 0:01:04]} 30. Kf3 {[%emt 0:00:09]} Ke7 {[%emt 0:00:11]} 31. Rb6 {[%emt 0:00:30]} Kf6 {[%emt 0:10:47]} 32. Ke3 {[%emt 0:03:52]} Ke5 {[%emt 0:03:55]} 33. f4+ {[%emt 0:00:21]} Kf5 {[%emt 0:00:15]} 34. h3 {[%emt 0:00:20]} h5 {[%emt 0:00:36]} 35. Kf3 {[%emt 0:00:27]} g6 {[%emt 0:02:48]} 36. e3 {[%emt 0:05:39]} Kf6 {[%emt 0:02:15]} 37. g4 {[%emt 0:02:50]} hxg4+ {[%emt 0:00:26]} 38. hxg4 {[%emt 0:00:23]} Ke7 {[%emt 0:01:46]} 39. f5 {[%emt 0:01:50]} gxf5 {[%emt 0:00:33]} 40. gxf5 {[%emt 0:00:07]} Kf6 {[%emt 0:09:20]} 41. fxe6 {[%emt 0:01:42]} fxe6 {[%emt 0:00:17]} 42. Kf4 {[%emt 0:01:53]} Rc5 {[%emt 0:01:27]} 43. Rxb7 {[%emt 0:01:08]} Rxa5 {[%emt 0:00:06]} 44. Kf3 {[%emt 0:01:47]} 1/2-1/2

[Event "Guimaraes Open 2018"]
[Site "Guimaraes"]
[Date "2018.10.06"]
[Round "4"]
[White "Silva, Daniel Frederico Va"]
[Black "Rey Malde, Henrique"]
[Result "1/2-1/2"]
[WhiteElo "1709"]
[BlackElo "2185"]
[Annotator "TA"]
[PlyCount "78"]
[EventDate "2018.10.04"]
[EventType "swiss"]
[EventCountry "POR"]
[SourceTitle "playchess.com"]
[Source "ChessBase"]
[SourceQuality "1"]

{[%evp 20,78,60,45,64,56,91,50,92,40,57,37,35,2,3,12,128,123,135,135,147,135,147,145,149,142,149,149,149,98,116,98,98,98,98,99,149,0,97,0,149,113,106,97,149,149,149,61,149,149,149,149,149,60,149,144,141,0,149,0,148]} 1. e4 c5 2. Nf3 d6 3. d4 cxd4 4. Nxd4 Nf6 5. Nc3 g6 6. Be2 Bg7 7. Be3 O-O 8. O-O Nc6 9. f4 Nxd4 10. Bxd4 Be6 11. Qd2 Qc8 {B73: Sicilian Dragon: Classical System without 9 Nb3} (11... Qa5 12. Rad1 Rfc8 13. f5 Bc4 14. fxg6 hxg6 15. Bxc4 Rxc4 16. Qf2 Rf8 17. Bxf6 Bxf6 18. Nd5 Rxe4 19. Nxf6+ exf6 20. Qxf6 {1-0 (60) Vyparina,M (2271)-Demeter,P (2253) Slovakia 2012}) 12. Rae1 a6 13. Bd3 Rb8 $146 {White is slightly better.} ({Predecessor:} 13... b5 14. e5 dxe5 15. fxe5 Nd7 16. Be4 Rb8 17. Ba7 Nxe5 18. Bxb8 Qxb8 19. g3 {½-½ (30) Fuerst,A (1519)-Ly,D (1845) Tschagguns 2012}) 14. a4 (14. b3 $16) 14... Bc4 $14 15. b3 Bxd3 16. Qxd3 (16. cxd3 {with more complications.} e6 17. a5 Qd8 18. b4 Rc8 19. f5) 16... Qc6 17. Bxf6 exf6 (17... Bxf6 $11 18. Nd5 Rbe8) 18. Nd5 $16 Rbe8 19. c4 Kh8 20. Kh1 Qd7 21. Re3 Rb8 22. Nb6 Qc6 {[#]} 23. a5 $1 Rbe8 24. b4 (24. Nd5 $142) 24... Re6 25. Nd5 Rc8 26. Rc1 Rce8 27. Rce1 Rd8 28. Rf1 ({White should play} 28. h3 $16) 28... Rde8 (28... Rc8 $1 $11 {keeps the balance.}) 29. Rfe1 (29. f5 $16 Re5 30. Kg1) 29... Bh6 (29... Rd8 $1 $11 {remains equal.}) 30. R1e2 Rc8 31. Rc2 Qa4 (31... f5 $142) 32. Re1 Rce8 33. h3 (33. Rce2 $16) 33... Qc6 (33... f5 $1 $14) 34. Rce2 $36 {[%mdl 2048] Keeping Black busy.} Bg7 35. Kh2 Rc8 36. Rc2 (36. Nb6 $16) 36... Qa4 ({Better is} 36... f5 $1 $14) 37. Rb1 {Threatens to win with Nb6.} Qe8 38. Re1 Qa4 $1 39. Rb1 {And now Nb6 would win.} Qe8 $1 {Precision: White = 43%, Black = 33%.} 1/2-1/2